000 00403nam a2200181Ia 4500
003 0STCL
008 150530s9999 xx 000 0 und d
040 _aSTCL
_cSTCL
100 _aRaman Namboodiri, E.V.
245 _aJanakiparinnayam
250 _a1
260 _bKamalalaya; Trivandrum
_c0
300 _a0
546 _aMalayalam
942 _2ddc
_cBK
999 _c48660
_d48660
005 20220125170749.0